Logo CIB grande

ANALISIS BASICO DE CIRCUITOS ELECTRICOS (Registro nro. 194788)

Detalles MARC
000 -LEADER
campo de control de longitud fija 00709nam a2200265Ia 4500
005 - FECHA Y HORA DE LA ÚLTIMA TRANSACCIÓN
campo de control 20250425160722.0
008 - DATOS DE LONGITUD FIJA--INFORMACIÓN GENERAL
campo de control de longitud fija 250425s9999 xx 000 0 und d
020 ## - NÚMERO INTERNACIONAL ESTÁNDAR DEL LIBRO
Número Internacional Estándar del Libro 9688802298
041 ## - CÓDIGO DE IDIOMA
Código de lengua del texto/banda sonora o título independiente spa
082 ## - NÚMERO DE LA CLASIFICACIÓN DECIMAL DEWEY
Número de clasificación 621.3192
010 ## - NÚMERO DE CONTROL DE LA BIBLIOTECA DEL CONGRESO
Número de control de LC 3421
100 ## - ENTRADA PRINCIPAL--NOMBRE DE PERSONA
Nombre de persona JOHNSON, DAVID E.
245 #0 - MENCIÓN DEL TÍTULO
Título ANALISIS BASICO DE CIRCUITOS ELECTRICOS
250 ## - MENCION DE EDICION
Mención de edición 4A ED.
260 ## - PUBLICACIÓN, DISTRIBUCIÓN, ETC.
Lugar de publicación, distribución, etc. MEXICO
260 ## - PUBLICACIÓN, DISTRIBUCIÓN, ETC.
Lugar de publicación, distribución, etc. México
Nombre del editor, distribuidor, etc. PRENTICE-HALL
Fecha de publicación, distribución, etc. 1991
300 ## - DESCRIPCIÓN FÍSICA
Extensión 726
500 ## - NOTA GENERAL
Nota general Título Traducido: BASIC ELECTRIC CIRCUIT ANALYSIS
650 ## - PUNTO DE ACCESO ADICIONAL DE MATERIA--TÉRMINO DE MATERIA
Término de materia o nombre geográfico como elemento de entrada ANALISIS DE CIRCUITOS
650 ## - PUNTO DE ACCESO ADICIONAL DE MATERIA--TÉRMINO DE MATERIA
Término de materia o nombre geográfico como elemento de entrada CIRCUITOS ELECTRICOS
650 ## - PUNTO DE ACCESO ADICIONAL DE MATERIA--TÉRMINO DE MATERIA
Término de materia o nombre geográfico como elemento de entrada RESISTENCIA ELECTRICA
650 ## - PUNTO DE ACCESO ADICIONAL DE MATERIA--TÉRMINO DE MATERIA
Término de materia o nombre geográfico como elemento de entrada TRANSFORMADORES
700 ## - ENTRADA AGREGADA--NOMBRE PERSONAL
Nombre de persona VIRGILIO GONZALEZ
Término indicativo de función/relación traductor
942 ## - ELEMENTOS DE ENTRADA SECUNDARIOS (KOHA)
Tipo de ítem Koha Libros
Existencias
Estatus retirado Estado de pérdida Fuente de la clasificación o esquema de estantería Estado de daño No para préstamo Biblioteca de origen Biblioteca actual Ubicación en estantería Fecha de adquisición Coste, precio normal de compra Etiqueta RFID Total de préstamos Código de barras Visto por última vez Copia número Tipo de ítem Koha Fecha del último préstamo
    Clasificación Decimal Dewey     CENTRO DE INFORMACIÓN BIBLIOTECARIA CENTRO DE INFORMACIÓN BIBLIOTECARIA   13/09/2004 1.00 0000000000000000011824   26119 22/05/2025 5 Libros  
          CENTRO DE INFORMACIÓN BIBLIOTECARIA CENTRO DE INFORMACIÓN BIBLIOTECARIA   07/09/2004 1.00 0000000000000000011905   26759   10 Libros  
          CENTRO DE INFORMACIÓN BIBLIOTECARIA CENTRO DE INFORMACIÓN BIBLIOTECARIA   14/07/2003 1.00   2 26760 23/01/2026 11 Libros 15/01/2026
          CENTRO DE INFORMACIÓN BIBLIOTECARIA CENTRO DE INFORMACIÓN BIBLIOTECARIA   06/07/2004 1.00 0000000000000000011826   26803   12 Libros  
          CENTRO DE INFORMACIÓN BIBLIOTECARIA CENTRO DE INFORMACIÓN BIBLIOTECARIA   16/09/2004 1.00 0000000000000000011823 1 39206 07/05/2025 13 Libros 07/05/2025

Copyright 2025 ESPOL. Todos los derechos reservados.